[Event "POR-chT 1st Divison 2018"]
[Site "Maia"]
[Date "2018.07.18"]
[Round "4"]
[White "Galego, Luis"]
[Black "Silva, Luis"]
[Result "1-0"]
[WhiteElo "2471"]
[BlackElo "2360"]
[Annotator "TA"]
[PlyCount "107"]
[EventDate "2018.07.16"]
[EventType "team-tourn"]
[EventCountry "POR"]
[SourceTitle "playchess.com"]
[Source "ChessBase"]
[SourceQuality "1"]

{[%evp 12,107,0,0,7,0,18,19,18,0,8,0,0,0,0,0,6,0,0,-4,0,0,0,-8,0,0,47,4,4,4,51,51,33,8,15,0,0,0,0,0,0,0,0,-33,-19,-17,0,0,0,-50,764,772,1275,1258,1099,1089,1332,1300,1266,1231,1177,1031,1312,1229,2108,2041,2022,1838,1743,1654,1648,1317,6370,6270,29974,29976,29974,29974,29970,29972,29967,0,6187,5410,29972,29973,29973,29974,29974,29976,29979,29978,29986,29987,29987,29988,29988,29989]} 1. e4 e5 2. Bc4 Nf6 3. d3 Nc6 4. Nf3 Bc5 5. O-O d6 6. Be3 Bxe3 {C50: Italienische Partie} 7. fxe3 {LiveBook: 3 Partien} O-O (7... Be6 8. Bxe6 fxe6 9. Nc3 O-O 10. d4 Qe7 11. Qd2 a6 12. a3 {½-½ (12) Anand,V (2788)-Aronian,L (2786) Moscow 2009}) 8. a3 Be6 {Die Stellung ist ausgeglichen.} 9. Bxe6 fxe6 10. Nc3 $146 ({Vorgänger:} 10. c4) 10... Qe8 11. Qe2 Qg6 12. b4 {[%cal Bb2b4,Bb4b5,Bb5b6][%mdl 32]} a5 13. b5 Nd8 14. b6 c6 15. Na4 Nf7 16. c4 Nd7 17. Nd2 Ra6 18. c5 dxc5 19. Nc4 Qg5 20. Rf3 Qe7 21. Raf1 Raa8 22. Qb2 (22. Nab2 {looks sharper.} h6 23. Qc2 h5 24. R3f2 g5 25. Qc3) 22... Nd6 23. Rxf8+ Rxf8 24. Rxf8+ Kxf8 25. Nxe5 Nxe5 26. Qxe5 c4 27. Qf4+ Ke8 28. e5 Nf7 29. Qxc4 {Und weiter mit d4 wäre nett.} Nxe5 30. Qe4 Qxa3 $2 {[%mdl 8192] [#]} (30... Nd7 $15) 31. Qxe5 $18 Qxa4 $15 {[%mdl 4096] Endspiel KD-KD} 32. Qb8+ Kf7 33. Qxb7+ Kf6 34. Qc7 Qd1+ 35. Kf2 Qd2+ 36. Kf3 Qd1+ 37. Ke4 Qa4+ 38. d4 Qc2+ 39. Kf3 Qd1+ 40. Kg3 Qe1+ 41. Kh3 g5 42. Qe5+ Kg6 43. Qxe6+ Kg7 44. Qe5+ Kg6 45. Qe4+ Kg7 46. Qe5+ (46. b7 $142 h5 47. Qe7+ Kg6 48. Qe8+ Kh6 49. Qf8+ Kg6 50. Qd6+ Kf7 51. Qg3) 46... Kg6 $1 $18 {[%csl Gg5][%cal Re1h4] [#]} 47. Qd6+ Kg7 48. Qg3 {Weiß setzt Matt.} Qb1 49. Qxg5+ Kf7 50. Qxa5 Kg6 51. Qc5 h5 52. Qxc6+ Kg5 53. Qd5+ Kg6 54. b7 {Precision: Weiß = 68%, Schwarz = 46%.} 1-0

[Event "POR-chT 1st Divison 2018"]
[Site "Maia"]
[Date "2018.07.18"]
[Round "4"]
[White "Iruzubieta Villaluenga, Jesus"]
[Black "Pereira, Ruben"]
[Result "0-1"]
[WhiteElo "2439"]
[BlackElo "2420"]
[Annotator "NA"]
[PlyCount "84"]
[EventDate "2018.07.16"]
[EventType "team-tourn"]
[EventCountry "POR"]
[SourceTitle "playchess.com"]
[Source "ChessBase"]
[SourceQuality "1"]
[TimeControl "5400+30"]

1. e4 c5 2. Nf3 d6 3. d4 cxd4 4. Nxd4 Nf6 5. Nc3 a6 6. h3 e5 7. Nde2 b5 8. g4 {B90: Sizilianisch (Najdorf-Variante, Abweichungen)} (8. Ng3 Qc7 9. Bd3 g6 10. O-O Bg7 11. Bd2 O-O 12. a4 b4 13. Na2 a5 14. c3 bxc3 15. Nxc3 Be6 {½-½ (40) Svidler,P (2760)-Khismatullin,D (2632) Sochi 2018}) 8... h6 9. Bg2 Nbd7 10. O-O Bb7 11. f4 Be7 12. Ng3 g6 13. Qe2 $146 ({Vorgänger:} 13. Be3 exf4 14. Bxf4 Ne5 15. a4 {0-1 (48) Ganguly,S (2614)-Berg,E (2606) Gibraltar 2009}) 13... Qc7 14. Be3 Nb6 15. fxe5 dxe5 16. Rad1 Nc4 17. Bc1 Rd8 18. Rxd8+ Qxd8 19. Kh2 h5 20. g5 $11 Nd7 21. h4 Nc5 22. Nd5 Ne6 23. Nxe7 Qxe7 24. b3 Na5 25. Rf6 Nc6 26. c3 b4 27. cxb4 Qxb4 28. Qf2 O-O 29. Bf1 Ncd4 30. Bc4 Qe7 31. Be3 Bc8 32. Ne2 Nxe2 33. Qxe2 Kh7 34. Qf2 Kg7 35. Bxe6 fxe6 36. Rxf8 Qxf8 37. Qb2 Qd6 38. Bf4 Kh7 39. Bxe5 Qd3 40. Qf2 Kg8 41. Qf6 Qe2+ 42. Kg3 Qe3+ 0-1

[Event "POR-chT 1st Divison 2018"]
[Site "Maia"]
[Date "2018.07.18"]
[Round "4"]
[White "Vassallo Barroche, Mauricio"]
[Black "Novais, Carlos Joao Fernand"]
[Result "1-0"]
[WhiteElo "2386"]
[BlackElo "2121"]
[Annotator "NA"]
[PlyCount "59"]
[EventDate "2018.07.16"]
[EventType "team-tourn"]
[EventCountry "POR"]
[SourceTitle "playchess.com"]
[Source "ChessBase"]
[SourceQuality "1"]
[TimeControl "5400+30"]

1. d4 {[%emt 0:00:19]} d5 {[%emt 0:00:57]} 2. c4 {[%emt 0:02:42]} e6 {[%emt 0:02:37]} 3. Nc3 {[%emt 0:00:46]} Nf6 {[%emt 0:02:17]} 4. Bg5 {[%emt 0:00:34]} Be7 {[%emt 0:02:38]} 5. e3 {[%emt 0:01:23]} Nbd7 {[%emt 0:09:41]} 6. Nf3 {[%emt 0:01:57]} O-O {[%emt 0:00:23]} 7. Qc2 {[%emt 0:01:42]} Re8 {[%emt 0:06:33]} 8. Rd1 {[%emt 0:01:22]} c6 {[%emt 0:03:23]} 9. a3 {[%emt 0:02:01]} dxc4 {[%emt 0:04:24]} 10. Bxc4 {[%emt 0:02:48]} h6 {[%emt 0:00:53]} 11. Bh4 {[%emt 0:03:41]} b5 {[%emt 0:02:06] D61: Damengambit (Hauptvariante mit 7.Dc2)} 12. Ba2 {[%emt 0:00:29]} Qb6 {[%emt 0:02:53]} 13. O-O $146 {[%emt 0:11:35]} ({Vorgänger:} 13. b4 a5 14. Qb2 axb4 15. axb4 Nf8 16. O-O Nd5 17. Bxe7 Rxe7 18. Bb1 Rea7 19. Rc1 {1-0 (39) Fatalibekova,E (2285)-Kozlovskaya,V (2281) Moscow 2011}) 13... Bb7 {[%emt 0:04:34]} 14. Bb1 {[%emt 0:09:17]} Nf8 {[%emt 0:02:49]} 15. Bxf6 {[%emt 0:00:11]} Bxf6 {[%emt 0:03:24]} 16. Ne4 {[%emt 0:00:08]} Be7 {[%emt 0:00:05]} 17. Nc5 {[%emt 0:02:05]} Bxc5 {[%emt 0:00:14]} 18. dxc5 {[%emt 0:00:06]} Qc7 {[%emt 0:00:33]} 19. Rd6 {[%emt 0:00:07]} e5 {[%emt 0:02:01]} 20. Qe4 {[%emt 0:04:54]} Qe7 {[%emt 0:00:36]} 21. Rfd1 {[%emt 0:02:43]} g6 {[%emt 0:02:30]} 22. Ba2 {[%emt 0:04:26]} Kg7 {[%emt 0:04:25]} 23. h4 {[%emt 0:00:37]} Rac8 {[%emt 0:03:37]} 24. h5 {[%emt 0:03:24]} Rc7 {[%emt 0:00:14]} 25. hxg6 {[%emt 0:00:38]} fxg6 {[%emt 0:00:07]} 26. Nh4 {[%emt 0:00:53]} Qg5 {[%emt 0:00:15]} 27. Bb1 {[%emt 0:03:03]} Re6 {[%emt 0:00:20]} 28. Rxe6 {[%emt 0:02:09]} Nxe6 {[%emt 0:00:21]} 29. Rd6 {[%emt 0:00:06]} Bc8 $18 {[%emt 0:02:24]} 30. b4 {[%emt 0:00:14]} 1-0

[Event "POR-chT 1st Divison 2018"]
[Site "Maia"]
[Date "2018.07.18"]
[Round "4"]
[White "Alshameary Puente, Ismael"]
[Black "Lombaers, Peter"]
[Result "0-1"]
[WhiteElo "2352"]
[BlackElo "2361"]
[Annotator "NA"]
[PlyCount "92"]
[EventDate "2018.07.16"]
[EventType "team-tourn"]
[EventCountry "POR"]
[SourceTitle "playchess.com"]
[Source "ChessBase"]
[SourceQuality "1"]
[TimeControl "5400+30"]

1. d4 {[%emt 0:00:00]} Nf6 {[%emt 0:00:00]} 2. c4 {[%emt 0:00:00]} e6 {[%emt 0:00:00]} 3. Nc3 {[%emt 0:00:00]} Bb4 {[%emt 0:00:00]} 4. e3 {[%emt 0:00:00]} O-O {[%emt 0:00:00]} 5. Bd3 {[%emt 0:00:00]} c5 {[%emt 0:00:00]} 6. Nf3 {[%emt 0:00:19]} d5 {[%emt 0:00:05]} 7. O-O {[%emt 0:02:39]} dxc4 {[%emt 0:00:08]} 8. Bxc4 {[%emt 0:00:05]} cxd4 {[%emt 0:00:05]} 9. exd4 {[%emt 0:00:08]} b6 {[%emt 0:00:07]} 10. Bg5 {[%emt 0:00:36]} Bb7 {[%emt 0:00:06]} 11. Qe2 {[%emt 0:00:20]} Bxc3 {[%emt 0:00:09]} 12. bxc3 {[%emt 0:00:04]} Nbd7 {[%emt 0:00:06]} 13. Ne5 {[%emt 0:04:48]} Rc8 {[%emt 0:00:11] E54: Nimzoindisch (Moderne Variante)} 14. Bb3 {[%emt 0:01:58]} Rxc3 {[%emt 0:05:45]} 15. Rac1 {[%emt 0:00:10]} Rxc1 {[%emt 0:50:29]} 16. Rxc1 {[%emt 0:00:25] [#]} Bd5 $146 {[%emt 0:00:54]} ({Vorgänger:} 16... Nxe5 17. dxe5 h6 18. Rd1 Qc7 19. Bxf6 gxf6 20. exf6 Qf4 21. Rd7 Ba8 22. h3 a5 23. Bxe6 fxe6 24. Qxe6+ Kh8 25. Qe7 Qc1+ {½-½ (25) Tomashevsky,E (2696)-Nakamura,H (2786) Moscow 2017}) 17. Ba4 {[%emt 0:05:11]} Nxe5 {[%emt 0:07:40]} 18. dxe5 {[%emt 0:00:20]} h6 {[%emt 0:00:05]} 19. Bh4 {[%emt 0:00:32]} Qb8 {[%emt 0:00:19]} 20. Bc2 $17 {[%emt 0:51:13]} (20. Bxf6 $15 gxf6 21. Qg4+ Kh8 22. Qh4 Qxe5 23. Qxh6+ Kg8 24. Bc2) 20... Nd7 {[%emt 0:05:04]} 21. Qd3 {[%emt 0:02:01]} g6 {[%emt 0:00:10]} 22. Bg3 {[%emt 0:04:00]} Rc8 {[%emt 0:06:26]} 23. Qe3 {[%emt 0:01:52]} Rc5 {[%emt 0:05:26]} 24. Bb1 {[%emt 0:07:45]} Qc8 {[%emt 0:04:40]} 25. Rd1 {[%emt 0:00:33]} Kh7 {[%emt 0:02:41]} 26. h4 {[%emt 0:03:30]} Qd8 {[%emt 0:04:40]} 27. f3 {[%emt 0:07:39]} Kg7 {[%emt 0:00:20]} 28. Qa3 {[%emt 0:00:45]} h5 {[%emt 0:01:45]} 29. Bf2 {[%emt 0:00:18]} Rc8 {[%emt 0:00:59]} 30. Qb4 {[%emt 0:01:55]} Rc4 {[%emt 0:01:20]} 31. Qd2 {[%emt 0:02:28]} Nxe5 {[%emt 0:01:52]} 32. Bd4 {[%emt 0:01:04]} f6 {[%emt 0:00:07]} 33. Bb2 {[%emt 0:02:38]} Qc7 {[%emt 0:00:49]} 34. Qf2 {[%emt 0:00:35]} Nf7 {[%emt 0:02:50]} 35. Bd3 {[%emt 0:00:19]} Ra4 {[%emt 0:00:13]} 36. a3 {[%emt 0:01:06]} Qf4 {[%emt 0:00:17]} 37. Bb5 {[%emt 0:00:34]} Ra5 {[%emt 0:00:28]} 38. Rd4 {[%emt 0:00:18]} Qc7 {[%emt 0:00:22]} 39. Bd3 {[%emt 0:00:18]} e5 {[%emt 0:01:05]} 40. Qg3 {[%emt 0:00:34]} Qc5 {[%emt 0:00:07]} 41. Qxg6+ {[%emt 0:00:57]} Kf8 {[%emt 0:00:06]} 42. Qxf6 {[%emt 0:00:31]} exd4 {[%emt 0:00:46]} 43. Bxd4 {[%emt 0:00:10]} Qc1+ {[%emt 0:00:36]} 44. Kh2 {[%emt 0:00:05]} Qh6 {[%emt 0:00:10]} 45. Qf5 {[%emt 0:00:43]} Qd6+ {[%emt 0:00:33]} 46. Kh1 {[%emt 0:00:52]} Bb7 {[%emt 0:00:21]} 0-1

[Event "POR-chT 1st Divison 2018"]
[Site "Maia"]
[Date "2018.07.18"]
[Round "4"]
[White "Espineira Gonzalez, Diego"]
[Black "Ftacnik, Lubomir"]
[Result "0-1"]
[WhiteElo "2327"]
[BlackElo "2514"]
[Annotator "TA"]
[PlyCount "78"]
[EventDate "2018.07.16"]
[EventType "team-tourn"]
[EventCountry "POR"]
[SourceTitle "playchess.com"]
[Source "ChessBase"]
[SourceQuality "1"]

{[%evp 19,78,14,59,26,50,38,40,29,44,43,41,42,100,112,164,140,135,123,201,200,274,185,244,256,266,252,262,202,216,129,129,98,114,110,134,97,81,41,128,65,83,-29,-29,-20,-19,-32,-33,-54,-61,-218,-191,-735,-739,-794,-770,-5235,-4914,-29990,-29991,-29991,-29992]} 1. e4 c5 2. Nf3 d6 3. d4 cxd4 4. Nxd4 Nf6 5. Nc3 a6 6. Bg5 Nbd7 7. f4 Qc7 8. Qf3 {B94: Sizilianisch (Najdorf-Variante mit 6.Lg5)} g6 9. O-O-O Bg7 10. Kb1 O-O {LiveBook: 4 Partien} 11. g4 e5 $146 ({Vorgänger:} 11... h6 12. h4 e5 13. Nde2 exf4 14. Bxf6 Nxf6 15. g5 Nh5 {1-0 (47) Vardanian,H (2359)-Ter Sahakyan,S (2599) Yerevan 2016}) 12. Nb3 b5 13. a3 exf4 14. Qxf4 Bb7 15. Bg2 Rae8 (15... Ne8 $1 $14) 16. Qxd6 $16 ({Ein No Go ist} 16. Rxd6 Nxg4 17. Rd2 Qxf4 $11) 16... Qc8 (16... Qxd6 $16 17. Rxd6 h6) 17. Qf4 Re6 18. h3 Ne8 {[#]} (18... Ne5 $16) 19. Nd4 $1 $18 Rd6 20. Qf2 f6 (20... Qc4 {war nötig.}) 21. Bf4 Ne5 22. Nd5 Qd7 23. Qg3 Nc7 {[%cal Rc7d5]} 24. Nxc7 (24. Qb3 $18 Rf7 25. c4) 24... Qxc7 $16 25. g5 {Droht stark gxf6.} Re8 26. gxf6 Bxf6 27. h4 Qd8 28. c3 (28. Qb3+ {feels hotter.} Kh8 29. c3 h5 30. Qc2 Qe7 31. Ka1) 28... Rd7 ({Günstiger ist} 28... a5 $1 $14) 29. Rde1 (29. Ka2 $16) 29... Kh8 30. Re2 ({Lieber} 30. Bc1 $16) 30... a5 $1 $11 {[%cal Ba6a5,Ba5b4][%mdl 32]} 31. Bg5 b4 {Und ...Lxg5 würde nun gewinnen.} 32. Bxf6+ Qxf6 33. axb4 axb4 34. h5 $2 (34. Rf1 $15 Qd6 35. Rd1) 34... bxc3 35. hxg6 $2 {[#]} (35. Rf2 Qb6 36. Qxc3) 35... Ba6 $1 $19 {[%cal Ra6d3]} 36. Rf2 Bd3+ 37. Kc1 cxb2+ 38. Kxb2 Nc4+ 39. Kc1 Qxd4 {Precision: Weiß = 39%, Schwarz = 58%.} 0-1

[Event "POR-chT 1st Divison 2018"]
[Site "Maia"]
[Date "2018.07.18"]
[Round "4"]
[White "Neves, Pedro"]
[Black "Prithu, Gupta"]
[Result "1/2-1/2"]
[WhiteElo "2236"]
[BlackElo "2436"]
[Annotator "TA"]
[PlyCount "74"]
[EventDate "2018.07.16"]
[EventType "team-tourn"]
[EventCountry "POR"]
[SourceTitle "playchess.com"]
[Source "ChessBase"]
[SourceQuality "1"]

{[%evp 15,74,25,31,20,25,12,37,45,45,15,12,17,26,10,22,-14,41,0,0,-17,4,0,0,0,0,24,21,0,9,14,12,-83,-76,-62,-62,-143,-133,-177,-75,-69,-62,-65,118,-6,0,0,0,0,0,0,0,0,0,0,0,0,0,0,0,0,0]} 1. e4 e5 2. Nf3 Nc6 3. Bb5 a6 4. Ba4 d6 5. c3 Bd7 6. O-O g6 7. d4 Bg7 8. Bg5 {C76: Ruy Lopez: Deferred Steinitz: 5 c3 Bd7 6 d4 g6} Nf6 {LiveBook: 9 Games} (8... f6 9. Be3 Nh6 10. Bb3 Qe7 11. Bd5 Nd8 12. dxe5 dxe5 13. h3 Nhf7 14. Nbd2 Be6 15. Qa4+ Qd7 16. Qxd7+ Kxd7 17. Rad1 Bxd5 {0-1 (52) Fedoseev,V (2718)-Mamedyarov,S (2799) Riadh 2017}) 9. Nbd2 b5 10. Bb3 {White has an edge.} Qe7 $146 ({Predecessor:} 10... h6 11. Be3 Ng4 12. Qe1 O-O 13. h3 Nf6 14. dxe5 Nxe5 15. Nxe5 dxe5 {0-1 (69) MacDonald,R-Jones,W England 1927}) 11. a4 O-O 12. d5 Na5 13. Bc2 c5 14. dxc6 Nxc6 15. b4 Na7 ({Better is} 15... Rfc8 $11) 16. Bd3 Rfc8 17. Ra3 a5 18. Qe2 {[%cal Ra4b5]} axb4 19. cxb4 {[%cal Ra4b5,Bc3b4,Bb4b5,Bb5b6][%mdl 32]} bxa4 20. b5 {Hoping for b6.} Qe8 {[%cal Ra7b5]} 21. Rb1 {And now b6 would win.} Rab8 $1 {[%cal Ra7b5]} 22. b6 Nc6 23. Nc4 (23. Ba6 $11 {remains equal.} Rd8 24. Qd3 (24. Rxa4 Nd4 $11)) 23... d5 $17 {aiming for ...Nd4.} 24. exd5 Nxd5 {White must now prevent ...Bf8.} 25. Be4 (25. Qd2 $1 $15 Qe6 26. Bh6 (26. Rxa4 e4 $15)) 25... Qe6 $1 26. Qd2 {[#]} Nd4 (26... Ncb4 $1 $19 27. Ne3 Rxb6) 27. Ncxe5 Bxe5 28. Nxd4 Qd6 $2 (28... Bxd4 $15 {keeps the upper hand.} 29. Qxd4 Rxb6 30. Rxb6 Nxb6) 29. Rd3 (29. Bxd5 $1 $16 {Strongly threatening Nf3.} Qxa3 {[#]} 30. Bxf7+ $1 {[%mdl 512]} Kxf7 31. Nb5 Bxb5 32. Qd5+ Kg7 33. Qxe5+ Kg8 34. Qd5+ Kg7 35. Qd4+ (35. Qxb5 Qa2 $11) 35... Kg8 36. Qd5+ Kg7 37. Qe5+ (37. Qxb5 Qa2 $11) 37... Kg8 38. Qd5+) 29... Bxh2+ {The position is equal.} ({Wrong is} 29... Rxb6 $2 30. Rxb6 Nxb6 31. Nf5 $18) 30. Kh1 Bf4 $1 {[%cal Rf4d2]} ({But not} 30... Rxb6 $2 31. Rxb6 Qxb6 32. Bxd5 $18 (32. Kxh2 Nf6 $18)) 31. Bxf4 Nxf4 32. Nf5 $36 {[%mdl 2048] White has good play.} Qe5 33. Rxd7 {Threatens to win with Nh6+.} Qxe4 {[%csl Gf4][%cal Re4g2]} 34. Nh6+ Kg7 {[%csl Gf4][%cal Re4g2]} 35. Rxf7+ Kxh6 {[%csl Gf4][%cal Re4g2]} 36. Qxf4+ Qxf4 37. Rxf4 a3 {Precision: White = 30%, Black = 50%.} 1/2-1/2

[Event "POR-chT 1st Divison 2018"]
[Site "Maia"]
[Date "2018.07.18"]
[Round "4"]
[White "Reis, Luis Sousa"]
[Black "Turcer, Dusan"]
[Result "1-0"]
[WhiteElo "2150"]
[BlackElo "2039"]
[Annotator "NA"]
[PlyCount "124"]
[EventDate "2018.07.16"]
[EventType "team-tourn"]
[EventCountry "POR"]
[SourceTitle "playchess.com"]
[Source "ChessBase"]
[SourceQuality "1"]
[TimeControl "5400+30"]

1. e4 {[%emt 0:00:07]} c5 {[%emt 0:00:59]} 2. Nc3 {[%emt 0:01:32]} Nc6 {[%emt 0:00:16]} 3. f4 {[%emt 0:01:23]} g6 {[%emt 0:00:20]} 4. Nf3 {[%emt 0:00:44]} Bg7 {[%emt 0:00:12]} 5. Bb5 {[%emt 0:03:09]} d6 {[%emt 0:01:07]} 6. Bxc6+ {[%emt 0:03:08]} bxc6 {[%emt 0:00:03]} 7. O-O {[%emt 0:01:59]} Nf6 {[%emt 0:00:45]} 8. d3 {[%emt 0:01:39]} Bg4 {[%emt 0:03:34]} 9. Qe1 {[%emt 0:05:46]} Bxf3 {[%emt 0:00:22]} 10. Rxf3 {[%emt 0:01:06]} Nd7 {[%emt 0:00:00]} 11. b3 {[%emt 0:25:22]} Rb8 {[%emt 0:01:30]} 12. Bb2 {[%emt 0:04:00]} Qa5 {[%emt 0:00:18]} 13. e5 {[%emt 0:05:47]} dxe5 {[%emt 0:26:56]} 14. Na4 {[%emt 0:06:20]} Qc7 {[%emt 0:11:24]} 15. Re3 {[%emt 0:01:42]} f6 {[%emt 0:12:30]} 16. fxe5 {[%emt 0:02:06]} fxe5 {[%emt 0:00:02]} 17. Rf3 {[%emt 0:04:53]} Bf6 {[%emt 0:01:06]} 18. Bc3 {[%emt 0:04:54]} O-O {[%emt 0:02:59]} 19. Qe4 {[%emt 0:01:28]} Qd6 {[%emt 0:03:34]} 20. Re1 {[%emt 0:01:20]} Rb4 {[%emt 0:01:42]} 21. Bxb4 {[%emt 0:01:47]} cxb4 {[%emt 0:00:11]} 22. Kh1 {[%emt 0:00:59]} Kg7 {[%emt 0:00:08]} 23. Nb2 {[%emt 0:00:52]} Nb6 {[%emt 0:00:50]} 24. Nc4 {[%emt 0:00:40]} Nxc4 {[%emt 0:00:08]} 25. Qxc4 {[%emt 0:00:35]} a5 {[%emt 0:01:19]} 26. Qa6 {[%emt 0:07:10]} Qc5 {[%emt 0:00:36]} 27. Qc4 {[%emt 0:00:23]} Qd5 {[%emt 0:03:14]} 28. Rfe3 {[%emt 0:01:10]} Rd8 {[%emt 0:00:51]} 29. Re4 {[%emt 0:01:42]} Rd7 {[%emt 0:03:47]} 30. h3 {[%emt 0:02:45]} Rb7 {[%emt 0:00:50]} 31. Qa6 {[%emt 0:04:24]} Qb5 {[%emt 0:00:37]} 32. Qxb5 {[%emt 0:00:20]} cxb5 {[%emt 0:00:16]} 33. Kg1 {[%emt 0:01:55]} Rc7 {[%emt 0:00:17]} 34. R1e2 {[%emt 0:00:09]} Rc5 {[%emt 0:00:12]} 35. Kf1 {[%emt 0:00:14]} h5 {[%emt 0:02:52]} 36. g3 {[%emt 0:00:41]} Kf7 {[%emt 0:02:05]} 37. Ke1 {[%emt 0:00:07]} Kg7 {[%emt 0:01:39]} 38. Kd1 {[%emt 0:00:05]} Kf7 {[%emt 0:00:41]} 39. h4 {[%emt 0:00:23]} Kg7 {[%emt 0:00:27]} 40. Rh2 {[%emt 0:00:53]} Kf7 {[%emt 0:06:08]} 41. g4 {[%emt 0:00:27]} hxg4 {[%emt 0:02:08]} 42. Rxg4 {[%emt 0:00:06]} Rc8 {[%emt 0:01:32]} 43. Rhg2 {[%emt 0:01:20]} Rh8 {[%emt 0:00:16]} 44. Rxg6 {[%emt 0:00:50]} Rxh4 {[%emt 0:02:03]} 45. Rg8 {[%emt 0:02:07]} e4 {[%emt 0:00:24]} 46. R8g4 {[%emt 0:01:30]} exd3 {[%emt 0:00:27]} 47. Rxh4 {[%emt 0:00:12]} dxc2+ {[%emt 0:00:06]} 48. Rxc2 {[%emt 0:00:11]} Bxh4 {[%emt 0:00:05]} 49. Rc5 {[%emt 0:00:15]} e6 {[%emt 0:05:46]} 50. Rxb5 {[%emt 0:00:07]} Bd8 {[%emt 0:00:03]} 51. Rb8 {[%emt 0:00:28]} Ke7 {[%emt 0:00:14]} 52. Ke2 {[%emt 0:00:21]} Bc7 {[%emt 0:00:08]} 53. Ra8 {[%emt 0:00:39]} Kd6 {[%emt 0:00:10]} 54. Kd3 {[%emt 0:00:12]} Ke5 {[%emt 0:00:40]} 55. Rc8 {[%emt 0:00:19]} Bb6 {[%emt 0:00:44]} 56. Kc4 {[%emt 0:01:26]} Kd6 {[%emt 0:00:23]} 57. Kb5 {[%emt 0:00:25]} Bc7 {[%emt 0:00:24]} 58. Rxc7 {[%emt 0:00:36]} Kxc7 {[%emt 0:00:05]} 59. Kxa5 {[%emt 0:00:09]} Kc6 {[%emt 0:00:07]} 60. Kxb4 {[%emt 0:00:06]} Kd5 {[%emt 0:00:06]} 61. Kc3 {[%emt 0:00:20]} Ke4 {[%emt 0:00:01]} 62. a4 {[%emt 0:01:01]} Kd5 1-0

[Event "POR-chT 1st Divison 2018"]
[Site "Maia"]
[Date "2018.07.18"]
[Round "4"]
[White "Eggert, Alberto"]
[Black "Marchena Hurtado, Javier"]
[Result "0-1"]
[WhiteElo "2142"]
[BlackElo "2354"]
[Annotator "NA"]
[PlyCount "104"]
[EventDate "2018.07.16"]
[EventType "team-tourn"]
[EventCountry "POR"]
[SourceTitle "playchess.com"]
[Source "ChessBase"]
[SourceQuality "1"]
[TimeControl "5400+30"]

1. e4 {[%emt 0:00:13]} e5 {[%emt 0:00:09]} 2. Nf3 {[%emt 0:01:02]} Nc6 {[%emt 0:01:43]} 3. Bb5 {[%emt 0:00:25]} a6 {[%emt 0:00:04]} 4. Ba4 {[%emt 0:00:29]} Nf6 {[%emt 0:00:04]} 5. d3 {[%emt 0:00:20]} b5 {[%emt 0:00:23]} 6. Bb3 {[%emt 0:00:12]} Be7 {[%emt 0:00:27]} 7. O-O {[%emt 0:02:24]} O-O {[%emt 0:00:17]} 8. a4 {[%emt 0:06:04]} b4 {[%emt 0:02:36]} 9. a5 {[%emt 0:03:13] C84: Closed Ruy Lopez: Unusual White 6th moves} d6 {[%emt 0:01:50]} 10. h3 {[%emt 0:05:21]} (10. Be3 h6 11. Nbd2 Re8 12. c3 Bf8 13. h3 Rb8 14. Re1 bxc3 15. bxc3 d5 16. Qc2 Be6 {0-1 (50) Grischuk,A (2772)-Ding,L (2777) Riadh 2017}) 10... Be6 {[%emt 0:03:07]} 11. c3 $146 {[%emt 0:06:10]} ({Predecessor:} 11. Bxe6 fxe6 12. Be3 Qe8 13. c3 bxc3 14. bxc3 Nd8 15. Nbd2 Nh5 16. d4 exd4 17. cxd4 {½-½ (37) Heimann,A (2574)-Sinz,B (2386) Karlsruhe 2018}) 11... Rb8 {[%emt 0:10:51]} 12. Bc4 {[%emt 0:36:07]} Bxc4 {[%emt 0:12:00]} 13. dxc4 {[%emt 0:00:09]} Qd7 {[%emt 0:02:12]} 14. Re1 {[%emt 0:03:13]} Qe6 {[%emt 0:02:47]} 15. Qd3 {[%emt 0:03:29]} h6 {[%emt 0:06:02]} 16. Nbd2 {[%emt 0:01:52]} bxc3 {[%emt 0:10:38]} 17. bxc3 {[%emt 0:02:11]} Nd7 {[%emt 0:01:37]} 18. Qd5 {[%emt 0:02:26]} Nd8 {[%emt 0:01:17]} 19. Ba3 $15 {[%emt 0:00:41]} c6 {[%emt 0:07:16]} 20. Qd3 {[%emt 0:02:12]} Nb7 {[%emt 0:02:00]} 21. Red1 {[%emt 0:03:06]} Nbc5 {[%emt 0:01:25]} 22. Qc2 {[%emt 0:01:19]} Rb7 {[%emt 0:05:13]} 23. Bb4 {[%emt 0:02:43]} g6 {[%emt 0:05:38]} 24. Re1 {[%emt 0:03:46]} Kg7 {[%emt 0:00:34]} 25. Rab1 {[%emt 0:00:40]} Rfb8 {[%emt 0:00:21]} 26. Rbd1 {[%emt 0:03:29]} Kg8 {[%emt 0:04:23]} 27. Re3 {[%emt 0:00:19]} Bd8 {[%emt 0:01:28]} 28. Nf1 {[%emt 0:02:20]} Bc7 {[%emt 0:04:28]} 29. Qe2 {[%emt 0:00:58]} Nb3 {[%emt 0:02:39]} 30. Qa2 {[%emt 0:01:49]} c5 {[%emt 0:03:57]} 31. Qxb3 {[%emt 0:00:16]} cxb4 {[%emt 0:00:19]} 32. Qa4 {[%emt 0:01:22]} Nc5 {[%emt 0:00:56]} 33. Qc6 {[%emt 0:00:42]} b3 {[%emt 0:00:20]} 34. N1d2 {[%emt 0:01:47]} b2 {[%emt 0:00:37]} 35. Ree1 {[%emt 0:00:22]} Bxa5 {[%emt 0:00:42]} 36. Nb1 {[%emt 0:00:19]} Rb6 {[%emt 0:04:53]} 37. Qd5 {[%emt 0:00:18]} Qxd5 {[%emt 0:00:54]} 38. Rxd5 {[%emt 0:00:05]} Rc6 {[%emt 0:00:38]} 39. Red1 {[%emt 0:00:58]} Bc7 {[%emt 0:00:14]} 40. Nfd2 {[%emt 0:00:27]} a5 {[%emt 0:00:23]} 41. f3 {[%emt 0:00:21]} a4 {[%emt 0:00:15]} 42. Na3 {[%emt 0:00:12]} Kf8 {[%emt 0:02:29]} 43. Ndb1 {[%emt 0:00:34]} Ke7 {[%emt 0:00:49]} 44. Nb5 {[%emt 0:00:12]} Nb3 {[%emt 0:00:33]} 45. Nxc7 {[%emt 0:04:56]} Rxc7 {[%emt 0:00:04]} 46. Rxd6 {[%emt 0:00:04]} Rxc4 {[%emt 0:00:34]} 47. Rd7+ {[%emt 0:00:22]} Kf8 {[%emt 0:00:49]} 48. Ra7 {[%emt 0:00:43]} Nc5 {[%emt 0:00:22]} 49. Rd5 {[%emt 0:00:18]} Rb3 {[%emt 0:00:40]} 50. Rd8+ {[%emt 0:01:00]} Kg7 {[%emt 0:00:04]} 51. Rd2 {[%emt 0:00:37]} a3 {[%emt 0:00:48]} 52. Rc2 {[%emt 0:00:50]} Ra4 {[%emt 0:00:32]} 0-1